000 00805nam a2200289Ia 4500
001 11443
003 IT-RoPAU
008 130308s9999 xx 000 0 und d
040 _aIT-RoPAU
040 _cIT-RoPAU
041 _aITALIANO
100 _aTortel Jean
100 _gCodice Aut. SPICS: 667
245 _aRomanzo popolare (Il)
245 _bParaletteratura (La)-Il Melodramma, Il romanzo Popolare, Il Fotoromanzo, Il romanzo Poliziesco, Il Fumetto
250 _a1a ed.
260 _aNAPOLI
260 _bLiguori
260 _c1977 [1° Ed.:1977 - Ed.Ling.Originale:1970]
300 _a"23 p. (prefazione: no ; testo: 23 [pagine: 71-93])"
650 _aSAGGI DI LINGUISTICA
650 _eCodice materia Spics: 3207
942 _cBK
957 _71
999 _c40280
_d40280
999 _bSI
999 _g1